| 000 | 00484nam a2200133Ia 4500 | ||
|---|---|---|---|
| 008 | 200915s9999 xx 000 0 und d | ||
| 020 | _a978-971-014-588-1 | ||
| 100 | _aPunzalan, Jovita F. | ||
| 245 |
_cJovita F. Punzalan, Chazeline E. Caberos, Regemrei P. Bernardo.-- _aArt appreciation / |
||
| 260 |
_aBulacan : _bSt. Andew Publishing House _c2019 |
||
| 300 |
_avi , 253 pages : _billustrations ; _c25 cm. |
||
| 650 | _aArt -- Study and teaching. | ||
| 650 | _aHumanities -- Textbooks. | ||
| 999 |
_c364249 _d364249 |
||